000 00894nac a22002537a 4500
001 BR0505004
003 BR-BrBNA
005 20240105123223.0
008 230509b bl.|||m| |||| 00| 0 por d
040 _aBR-BrBNA
_bpor
_cBiblioteca Nacional de Agricultura
072 _aQ02; Q04
090 _a3430 BR0505004
100 1 _aSandoval, L.A.
110 1 _aSecretaria da Agricultura, São Paulo, SP (Brasil). Depto. da Produção Animal
245 1 _aFermento lactico selecionado; modo de preparo
260 3 _aSão Paulo, SP (Brasil):
_c[nd].
300 _a8 p.
490 _aSérie de Vulgarização. Leite e Lacticínios - Secretaria da Agricultura. Depto. da Produção Animal (Brazil)
_vno. 10
_x
650 _aFERMENTO LÁTICO
650 _aTECNOLOGIA DE ALIMENTO
650 _aANÁLISE ORGANOLÉPTICA
909 _a202312
_bLúcia Elande
_c55
_dLúcia Elande
942 _2AGRIS
_n0
_cMS
999 _c294505
_d294505